WELDING ENGINEERING (Record no. 568459)
[ view plain ]
| 000 -LEADER | |
|---|---|
| fixed length control field | 00246nam a22001097a 4500 |
| 082 ## - DEWEY DECIMAL CLASSIFICATION NUMBER | |
| Classification number | 671.52 ROS'W |
| 100 ## - MAIN ENTRY--PERSONAL NAME | |
| Personal name | ROSSI, BONIFACE E |
| 9 (RLIN) | 56793 |
| 245 ## - TITLE STATEMENT | |
| Title | WELDING ENGINEERING |
| 260 ## - PUBLICATION, DISTRIBUTION, ETC. | |
| Place of publication, distribution, etc. | NEWYORK |
| Name of publisher, distributor, etc. | MCGRAW HILL |
| Date of publication, distribution, etc. | 1954 |
| 300 ## - PHYSICAL DESCRIPTION | |
| Extent | 786P |
| 942 ## - ADDED ENTRY ELEMENTS (KOHA) | |
| Koha item type | Book |
| Withdrawn status | Lost status | Damaged status | Not for loan | Permanent Location | Current Location | Shelving location | Date acquired | Total Checkouts | Full call number | Barcode | Date last seen | Price effective from | Koha item type |
|---|---|---|---|---|---|---|---|---|---|---|---|---|---|
| College of Electrical & Mechanical Engineering (CEME) | College of Electrical & Mechanical Engineering (CEME) | General Stacks | 07/16/2017 | 671.52 ROS'W | CEME-3168 | 06/28/2021 | 06/28/2021 | Book |
